000
00406 a2200193 4500
260
_a
Londres
100
_a
JONES, Thomas Carlyle
700
1
_a
HUNT, Ronald Duncan
260
_b
LEA and Febiger
245
_a
Veterinary Pathology
300
_a
1792p.
650
_a
SANTE ANIMALE
260
_c
1983
300
_b
ill.
130
_l
En
020
_a
0-8121-0789-6
999
_c
22614
_d
22614